000 00410cam a22001337a 4500
008 180718b1960 xxu||||| |||| 00| 0 eng d
082 _aD49x44 R952
100 _aRyan, Cornelius
245 _aLongest day: june 6, 1944
_cby Cornelius Ryan
260 _aLondon
_bVictor Gollancz
_c1960
300 _a256p
650 _aNormandy (France) --History
650 _aWorld War, 1939-1945 --Campaigns --France --Normandy
999 _c425403
_d425403